000 00295nam a22001337a 4500
008 170623b xxu||||| |||| 00| 0 eng d
020 _a0275901394
041 _aeng
080 _a32
100 _a21
101 _aSHP
245 _aTHE U.S. ANTI-APARTHEID MOVEMENT
_cLOVE,J
942 _2udc
_cBK
999 _c19088
_d19088